[Event "Hoogeveen Open"]
[Site "Hoogeveen, Netherlands"]
[Date "2018.10.20"]
[Round "1.1"]
[White "Damen, Jip"]
[Black "Amin, Bassem"]
[Result "0-1"]
[WhiteElo "2192"]
[BlackElo "2686"]

1. e4 {[%clk 01:30:54]} {[%emt 00:00:04]} e5 {[%clk 01:29:25]} {[%emt
00:01:35]} 2. Nf3 {[%clk 01:31:09]} {[%emt 00:00:16]} Nc6 {[%clk 01:29:49]}
{[%emt 00:00:06]} 3. Bb5 {[%clk 01:31:30]} {[%emt 00:00:09]} a6 {[%clk
01:30:13]} {[%emt 00:00:07]} 4. Ba4 {[%clk 01:31:54]} {[%emt 00:00:06]} Nf6
{[%clk 01:30:36]} {[%emt 00:00:07]} 5. O-O {[%clk 01:32:15]} {[%emt 00:00:09]}
Be7 {[%clk 01:29:48]} {[%emt 00:01:17]} 6. d3 {[%clk 01:32:33]} {[%emt
00:00:13]} d6 {[%clk 01:30:06]} {[%emt 00:00:12]} 7. c3 {[%clk 01:32:57]}
{[%emt 00:00:06]} O-O {[%clk 01:30:19]} {[%emt 00:00:17]} 8. Re1 {[%clk
01:32:55]} {[%emt 00:00:33]} Re8 {[%clk 01:30:15]} {[%emt 00:00:34]} 9. Nbd2
{[%clk 01:32:05]} {[%emt 00:01:21]} Bf8 {[%clk 01:30:15]} {[%emt 00:00:29]} 10.
Nf1 {[%clk 01:31:04]} {[%emt 00:01:30]} h6 {[%clk 01:28:34]} {[%emt 00:02:12]}
11. Ng3 {[%clk 01:30:31]} {[%emt 00:01:03]} b5 {[%clk 01:28:42]} {[%emt
00:00:23]} 12. Bc2 {[%clk 01:30:46]} {[%emt 00:00:15]} d5 {[%clk 01:27:26]}
{[%emt 00:01:45]} 13. exd5 {[%clk 01:23:52]} {[%emt 00:07:24]} Nxd5 {[%clk
01:26:33]} {[%emt 00:01:24]} 14. d4 {[%clk 01:18:40]} {[%emt 00:05:42]} exd4
{[%clk 01:25:25]} {[%emt 00:01:38]} 15. Rxe8 {[%clk 01:13:41]} {[%emt
00:05:29]} Qxe8 {[%clk 01:25:52]} {[%emt 00:00:02]} 16. Nxd4 {[%clk 01:03:27]}
{[%emt 00:10:44]} Nxd4 {[%clk 01:25:11]} {[%emt 00:01:12]} 17. Qxd4 {[%clk
01:02:57]} {[%emt 00:00:59]} Qe1+ {[%clk 01:22:18]} {[%emt 00:03:23]} 18. Nf1
{[%clk 01:03:21]} {[%emt 00:00:06]} Bb7 {[%clk 01:22:07]} {[%emt 00:00:41]} 19.
Qe4 {[%clk 00:52:17]} {[%emt 00:11:34]} Qxe4 {[%clk 01:22:08]} {[%emt
00:00:31]} 20. Bxe4 {[%clk 00:52:42]} {[%emt 00:00:05]} Re8 {[%clk 01:22:28]}
{[%emt 00:00:10]} 21. Bxd5 {[%clk 00:47:56]} {[%emt 00:05:16]} Bxd5 {[%clk
01:22:42]} {[%emt 00:00:16]} 22. Be3 {[%clk 00:47:49]} {[%emt 00:00:37]} f5
{[%clk 01:18:07]} {[%emt 00:05:06]} 23. b3 {[%clk 00:43:50]} {[%emt 00:04:28]}
g5 {[%clk 01:17:05]} {[%emt 00:01:31]} 24. Rd1 {[%clk 00:43:45]} {[%emt
00:00:35]} c6 {[%clk 01:17:14]} {[%emt 00:00:21]} 25. Bb6 {[%clk 00:37:46]}
{[%emt 00:06:30]} f4 {[%clk 01:16:27]} {[%emt 00:01:17]} 26. Nd2 {[%clk
00:36:16]} {[%emt 00:02:00]} Bg7 {[%clk 01:12:43]} {[%emt 00:04:14]} 27. Bd4
{[%clk 00:31:08]} {[%emt 00:05:39]} Bxd4 {[%clk 01:11:51]} {[%emt 00:01:22]} 28.
cxd4 {[%clk 00:31:34]} {[%emt 00:00:04]} a5 {[%clk 01:11:57]} {[%emt 00:00:24]}
29. a4 {[%clk 00:16:35]} {[%emt 00:15:29]} Rd8 {[%clk 01:02:58]} {[%emt
00:09:29]} 30. axb5 {[%clk 00:13:30]} {[%emt 00:03:35]} cxb5 {[%clk 01:03:21]}
{[%emt 00:00:07]} 31. Ra1 {[%clk 00:13:51]} {[%emt 00:00:09]} Be6 {[%clk
01:00:36]} {[%emt 00:03:15]} 32. Rxa5 {[%clk 00:07:44]} {[%emt 00:06:38]} Rxd4
{[%clk 01:00:56]} {[%emt 00:00:10]} 33. Nf1 {[%clk 00:07:21]} {[%emt 00:00:53]}
b4 {[%clk 01:01:12]} {[%emt 00:00:14]} 34. h4 {[%clk 00:06:39]} {[%emt
00:01:12]} gxh4 {[%clk 00:59:31]} {[%emt 00:02:11]} 35. Ra2 {[%clk 00:06:38]}
{[%emt 00:00:31]} Bxb3 {[%clk 00:58:21]} {[%emt 00:01:40]} 36. Rb2 {[%clk
00:07:02]} {[%emt 00:00:05]} Bd5 {[%clk 00:52:28]} {[%emt 00:06:23]} 37. Nd2
{[%clk 00:06:55]} {[%emt 00:00:37]} b3 {[%clk 00:52:17]} {[%emt 00:00:42]} 38.
Kh2 {[%clk 00:03:20]} {[%emt 00:04:04]} Ra4 {[%clk 00:45:43]} {[%emt 00:07:04]}
39. Rb1 {[%clk 00:03:33]} {[%emt 00:00:17]} Ra2 {[%clk 00:45:25]} {[%emt
00:00:48]} 40. Nxb3 {[%clk 00:03:32]} {[%emt 00:00:31]} Rxf2 {[%clk 00:45:47]}
{[%emt 00:00:07]} 41. Kh3 {[%clk 00:29:54]} {[%emt 00:04:09]} Be6+ {[%clk
01:16:03]} {[%emt 00:00:15]} 42. Kxh4 {[%clk 00:29:46]} {[%emt 00:00:37]} Rxg2
{[%clk 01:16:26]} {[%emt 00:00:07]} 43. Nd4 {[%clk 00:29:04]} {[%emt 00:01:12]}
Rh2# {[%clk 01:16:50]} {[%emt 00:00:07]} 0-1

[Event "Hoogeveen Open"]
[Site "Hoogeveen, Netherlands"]
[Date "2018.10.20"]
[Round "1.2"]
[White "Safarli, Eltaj"]
[Black "Giacomini, Hector"]
[Result "1-0"]
[WhiteElo "2676"]
[BlackElo "2178"]

1. e4 {[%clk 01:30:54]} {[%emt 00:00:06]} c6 {[%clk 01:30:53]} {[%emt
00:00:07]} 2. d4 {[%clk 01:31:11]} {[%emt 00:00:13]} d5 {[%clk 01:31:17]}
{[%emt 00:00:06]} 3. exd5 {[%clk 01:31:29]} {[%emt 00:00:13]} cxd5 {[%clk
01:31:39]} {[%emt 00:00:07]} 4. c4 {[%clk 01:31:55]} {[%emt 00:00:04]} Nf6
{[%clk 01:31:51]} {[%emt 00:00:18]} 5. Nc3 {[%clk 01:32:12]} {[%emt 00:00:13]}
e6 {[%clk 01:32:05]} {[%emt 00:00:16]} 6. Nf3 {[%clk 01:32:35]} {[%emt
00:00:06]} Be7 {[%clk 01:32:20]} {[%emt 00:00:15]} 7. cxd5 {[%clk 01:32:47]}
{[%emt 00:00:19]} Nxd5 {[%clk 01:32:40]} {[%emt 00:00:09]} 8. Bd3 {[%clk
01:33:12]} {[%emt 00:00:05]} Nc6 {[%clk 01:32:51]} {[%emt 00:00:19]} 9. O-O
{[%clk 01:33:35]} {[%emt 00:00:07]} O-O {[%clk 01:33:08]} {[%emt 00:00:13]} 10.
Re1 {[%clk 01:33:59]} {[%emt 00:00:07]} Bf6 {[%clk 01:32:54]} {[%emt 00:00:43]}
11. Be4 {[%clk 01:33:32]} {[%emt 00:00:57]} Nce7 {[%clk 01:32:23]} {[%emt
00:01:01]} 12. Qd3 {[%clk 01:33:37]} {[%emt 00:00:26]} h6 {[%clk 01:31:40]}
{[%emt 00:01:13]} 13. Ne5 {[%clk 01:28:44]} {[%emt 00:05:23]} Bd7 {[%clk
01:30:36]} {[%emt 00:01:34]} 14. Qg3 {[%clk 01:26:52]} {[%emt 00:02:21]} Bc6
{[%clk 01:15:29]} {[%emt 00:15:38]} 15. Nxc6 {[%clk 01:21:49]} {[%emt
00:05:33]} bxc6 {[%clk 01:09:47]} {[%emt 00:06:12]} 16. Bxh6 {[%clk 01:20:31]}
{[%emt 00:01:48]} Bxd4 {[%clk 00:54:14]} {[%emt 00:16:03]} 17. Bg5 {[%clk
01:17:48]} {[%emt 00:03:11]} Bf6 {[%clk 00:43:08]} {[%emt 00:11:37]} 18. Qh4
{[%clk 01:06:23]} {[%emt 00:11:55]} Nf5 {[%clk 00:42:11]} {[%emt 00:01:28]} 19.
Bxf5 {[%clk 01:06:26]} {[%emt 00:00:27]} exf5 {[%clk 00:41:55]} {[%emt
00:00:46]} 20. Bxf6 {[%clk 01:06:47]} {[%emt 00:00:08]} Qxf6 {[%clk 00:41:12]}
{[%emt 00:01:14]} 21. Qxf6 {[%clk 01:07:11]} {[%emt 00:00:06]} Nxf6 {[%clk
00:41:36]} {[%emt 00:00:06]} 22. Re5 {[%clk 01:03:36]} {[%emt 00:04:04]} g6
{[%clk 00:41:08]} {[%emt 00:00:58]} 23. Rc5 {[%clk 01:02:13]} {[%emt 00:01:53]}
Rac8 {[%clk 00:40:36]} {[%emt 00:01:03]} 24. Ra5 {[%clk 00:59:00]} {[%emt
00:03:43]} Rc7 {[%clk 00:38:12]} {[%emt 00:02:54]} 25. Rd1 {[%clk 00:59:08]}
{[%emt 00:00:22]} Re8 {[%clk 00:37:30]} {[%emt 00:01:12]} 26. Kf1 {[%clk
00:55:47]} {[%emt 00:03:51]} Kg7 {[%clk 00:36:25]} {[%emt 00:01:35]} 27. f3
{[%clk 00:54:35]} {[%emt 00:01:42]} Re6 {[%clk 00:32:06]} {[%emt 00:04:50]} 28.
Kf2 {[%clk 00:52:49]} {[%emt 00:02:16]} Rce7 {[%clk 00:25:38]} {[%emt
00:06:58]} 29. Rd2 {[%clk 00:53:08]} {[%emt 00:00:11]} Ne8 {[%clk 00:16:33]}
{[%emt 00:09:35]} 30. Ne2 {[%clk 00:48:24]} {[%emt 00:05:14]} Kf6 {[%clk
00:12:25]} {[%emt 00:04:39]} 31. Nf4 {[%clk 00:48:02]} {[%emt 00:00:51]} Rd6
{[%clk 00:09:55]} {[%emt 00:03:00]} 32. Rc2 {[%clk 00:44:53]} {[%emt 00:03:39]}
Red7 {[%clk 00:08:27]} {[%emt 00:01:58]} 33. b3 {[%clk 00:39:33]} {[%emt
00:05:50]} Ke7 {[%clk 00:06:26]} {[%emt 00:02:32]} 34. Ra6 {[%clk 00:37:02]}
{[%emt 00:03:01]} Rc7 {[%clk 00:05:26]} {[%emt 00:01:30]} 35. h4 {[%clk
00:33:02]} {[%emt 00:04:29]} Nf6 {[%clk 00:05:33]} {[%emt 00:00:23]} 36. Rc5
{[%clk 00:31:52]} {[%emt 00:01:41]} Kd8 {[%clk 00:04:11]} {[%emt 00:01:52]} 37.
Rca5 {[%clk 00:30:37]} {[%emt 00:01:45]} Rdd7 {[%clk 00:04:21]} {[%emt
00:00:19]} 38. h5 {[%clk 00:29:39]} {[%emt 00:01:27]} Nxh5 {[%clk 00:03:24]}
{[%emt 00:01:28]} 39. Nxh5 {[%clk 00:30:05]} {[%emt 00:00:04]} gxh5 {[%clk
00:03:49]} {[%emt 00:00:05]} 40. Rxf5 {[%clk 00:30:31]} {[%emt 00:00:04]} Rd5
{[%clk 00:00:44]} {[%emt 00:03:34]} 41. Rxd5+ {[%clk 00:28:23]} {[%emt
00:02:39]} cxd5 {[%clk 00:00:55]} {[%emt 00:00:19]} 42. Ke3 {[%clk 00:28:33]}
{[%emt 00:00:19]} Rc2 {[%clk 00:28:18]} {[%emt 00:03:07]} 43. g3 {[%clk
00:56:27]} {[%emt 00:02:35]} Ke7 {[%clk 00:25:55]} {[%emt 00:02:54]} 44. Kf4
{[%clk 00:53:29]} {[%emt 00:03:28]} Rc7 {[%clk 00:23:13]} {[%emt 00:03:11]} 45.
Ke5 {[%clk 00:53:26]} {[%emt 00:00:33]} Rd7 {[%clk 00:22:40]} {[%emt 00:01:04]}
46. Kd4 {[%clk 00:53:43]} {[%emt 00:00:13]} f6 {[%clk 00:22:38]} {[%emt
00:00:32]} 47. b4 {[%clk 00:46:34]} {[%emt 00:07:39]} Kf7 {[%clk 00:21:50]}
{[%emt 00:01:18]} 48. a4 {[%clk 00:46:51]} {[%emt 00:00:13]} Kg6 {[%clk
00:21:37]} {[%emt 00:00:44]} 49. b5 {[%clk 00:47:11]} {[%emt 00:00:09]} Kg5
{[%clk 00:21:13]} {[%emt 00:00:53]} 50. a5 {[%clk 00:45:58]} {[%emt 00:01:43]}
f5 {[%clk 00:19:20]} {[%emt 00:02:22]} 51. f4+ {[%clk 00:45:35]} {[%emt
00:00:53]} Kg4 {[%clk 00:19:41]} {[%emt 00:00:09]} 52. Rg6 {[%clk 00:46:01]}
{[%emt 00:00:03]} Kf3 {[%clk 00:19:43]} {[%emt 00:00:28]} 53. a6 {[%clk
00:43:41]} {[%emt 00:02:51]} h4 {[%clk 00:19:06]} {[%emt 00:01:07]} 54. gxh4
{[%clk 00:42:12]} {[%emt 00:02:00]} Kxf4 {[%clk 00:19:31]} {[%emt 00:00:05]} 55.
h5 {[%clk 00:42:28]} {[%emt 00:00:14]} Kf3 {[%clk 00:18:46]} {[%emt 00:01:15]}
56. h6 {[%clk 00:42:43]} {[%emt 00:00:14]} f4 {[%clk 00:17:26]} {[%emt
00:01:50]} 57. Rg7 {[%clk 00:42:57]} {[%emt 00:00:15]} Rd6 {[%clk 00:17:49]}
{[%emt 00:00:08]} 58. h7 {[%clk 00:43:23]} {[%emt 00:00:04]} Rh6 {[%clk
00:17:54]} {[%emt 00:00:24]} 59. b6 {[%clk 00:43:41]} {[%emt 00:00:12]} 1-0

[Event "Hoogeveen Open"]
[Site "Hoogeveen, Netherlands"]
[Date "2018.10.20"]
[Round "1.3"]
[White "Hulshof, Peter"]
[Black "Guseinov, Gadir"]
[Result "0-1"]
[WhiteElo "2168"]
[BlackElo "2667"]

1. e4 {[%clk 01:30:56]} {[%emt 00:00:03]} c5 {[%clk 01:29:35]} {[%emt
00:01:25]} 2. Nc3 {[%clk 01:30:48]} {[%emt 00:00:39]} g6 {[%clk 01:29:34]}
{[%emt 00:00:31]} 3. g3 {[%clk 01:30:58]} {[%emt 00:00:20]} Bg7 {[%clk
01:29:56]} {[%emt 00:00:07]} 4. Bg2 {[%clk 01:31:22]} {[%emt 00:00:06]} Nc6
{[%clk 01:30:10]} {[%emt 00:00:17]} 5. d3 {[%clk 01:31:17]} {[%emt 00:00:35]}
d6 {[%clk 01:30:18]} {[%emt 00:00:21]} 6. f4 {[%clk 01:30:39]} {[%emt
00:01:08]} e6 {[%clk 01:29:52]} {[%emt 00:00:57]} 7. Nf3 {[%clk 01:28:36]}
{[%emt 00:02:33]} Nge7 {[%clk 01:30:14]} {[%emt 00:00:07]} 8. O-O {[%clk
01:28:50]} {[%emt 00:00:16]} O-O {[%clk 01:30:38]} {[%emt 00:00:06]} 9. Be3
{[%clk 01:28:32]} {[%emt 00:00:49]} b6 {[%clk 01:31:03]} {[%emt 00:00:05]} 10.
d4 {[%clk 01:27:35]} {[%emt 00:01:27]} d5 {[%clk 01:31:05]} {[%emt 00:00:28]}
11. exd5 {[%clk 01:26:39]} {[%emt 00:01:25]} exd5 {[%clk 01:28:49]} {[%emt
00:02:46]} 12. dxc5 {[%clk 01:19:39]} {[%emt 00:07:30]} Nf5 {[%clk 01:07:35]}
{[%emt 00:21:44]} 13. Bf2 {[%clk 01:17:24]} {[%emt 00:02:45]} d4 {[%clk
01:07:53]} {[%emt 00:00:12]} 14. Ne4 {[%clk 01:13:47]} {[%emt 00:04:06]} bxc5
{[%clk 01:07:37]} {[%emt 00:00:46]} 15. Nxc5 {[%clk 01:05:23]} {[%emt
00:08:54]} Qb6 {[%clk 01:05:21]} {[%emt 00:02:46]} 16. Nd3 {[%clk 00:58:46]}
{[%emt 00:07:07]} Ne3 {[%clk 01:00:15]} {[%emt 00:05:35]} 17. Bxe3 {[%clk
00:54:33]} {[%emt 00:04:43]} dxe3 {[%clk 01:00:33]} {[%emt 00:00:12]} 18. Kh1
{[%clk 00:54:27]} {[%emt 00:00:36]} Ba6 {[%clk 01:00:20]} {[%emt 00:00:43]} 19.
Nfe5 {[%clk 00:44:36]} {[%emt 00:10:20]} Bxe5 {[%clk 00:53:32]} {[%emt
00:07:19]} 20. fxe5 {[%clk 00:44:17]} {[%emt 00:00:49]} Nxe5 {[%clk 00:49:27]}
{[%emt 00:04:35]} 21. Bxa8 {[%clk 00:32:29]} {[%emt 00:12:18]} Rxa8 {[%clk
00:46:53]} {[%emt 00:03:04]} 22. Qe2 {[%clk 00:31:58]} {[%emt 00:01:02]} Bb7+
{[%clk 00:44:37]} {[%emt 00:02:46]} 23. Kg1 {[%clk 00:31:54]} {[%emt 00:00:34]}
Qc6 {[%clk 00:44:45]} {[%emt 00:00:21]} 24. Nxe5 {[%clk 00:30:27]} {[%emt
00:01:58]} Qh1# {[%clk 00:44:25]} {[%emt 00:00:08]} 0-1

[Event "Hoogeveen Open"]
[Site "Hoogeveen, Netherlands"]
[Date "2018.10.20"]
[Round "1.4"]
[White "Romanov, Evgeny"]
[Black "Ingebretsen, Jens E"]
[Result "1-0"]
[WhiteElo "2614"]
[BlackElo "2160"]

1. b3 {[%clk 01:29:20]} {[%emt 00:01:39]} e5 {[%clk 01:30:40]} {[%emt
00:00:21]} 2. Bb2 {[%clk 01:29:43]} {[%emt 00:00:07]} Nc6 {[%clk 01:31:00]}
{[%emt 00:00:09]} 3. c4 {[%clk 01:30:07]} {[%emt 00:00:06]} Nf6 {[%clk
01:28:09]} {[%emt 00:03:20]} 4. d3 {[%clk 01:30:02]} {[%emt 00:00:36]} d5
{[%clk 01:26:21]} {[%emt 00:02:18]} 5. cxd5 {[%clk 01:29:23]} {[%emt 00:01:10]}
Nxd5 {[%clk 01:25:38]} {[%emt 00:01:12]} 6. Nf3 {[%clk 01:28:38]} {[%emt
00:01:15]} Bd6 {[%clk 01:15:48]} {[%emt 00:10:20]} 7. g3 {[%clk 01:27:49]}
{[%emt 00:01:19]} O-O {[%clk 01:15:59]} {[%emt 00:00:18]} 8. Bg2 {[%clk
01:28:15]} {[%emt 00:00:04]} Bg4 {[%clk 01:09:38]} {[%emt 00:06:51]} 9. Nbd2
{[%clk 01:26:31]} {[%emt 00:02:14]} Qd7 {[%clk 01:08:38]} {[%emt 00:01:31]} 10.
O-O {[%clk 01:20:01]} {[%emt 00:06:59]} Rfe8 {[%clk 01:05:38]} {[%emt
00:03:30]} 11. Rc1 {[%clk 01:19:43]} {[%emt 00:00:48]} Rad8 {[%clk 00:56:21]}
{[%emt 00:09:47]} 12. a3 {[%clk 01:15:25]} {[%emt 00:04:48]} Nf6 {[%clk
00:49:41]} {[%emt 00:07:10]} 13. b4 {[%clk 01:12:32]} {[%emt 00:03:22]} Nd4
{[%clk 00:43:58]} {[%emt 00:06:14]} 14. Nxd4 {[%clk 01:00:11]} {[%emt
00:12:51]} exd4 {[%clk 00:44:21]} {[%emt 00:00:07]} 15. Nf3 {[%clk 01:00:34]}
{[%emt 00:00:06]} c6 {[%clk 00:39:49]} {[%emt 00:05:02]} 16. Bxd4 {[%clk
00:55:38]} {[%emt 00:05:25]} Qe6 {[%clk 00:24:14]} {[%emt 00:16:05]} 17. e3
{[%clk 00:51:09]} {[%emt 00:05:00]} a5 {[%clk 00:20:28]} {[%emt 00:04:16]} 18.
bxa5 {[%clk 00:50:24]} {[%emt 00:01:15]} Bxa3 {[%clk 00:20:31]} {[%emt
00:00:27]} 19. Rb1 {[%clk 00:50:07]} {[%emt 00:00:47]} Rd5 {[%clk 00:17:43]}
{[%emt 00:03:17]} 20. Qa4 {[%clk 00:48:46]} {[%emt 00:01:51]} Bf8 {[%clk
00:11:50]} {[%emt 00:06:23]} 21. Bxf6 {[%clk 00:47:25]} {[%emt 00:01:51]} 1-0

[Event "Hoogeveen Open"]
[Site "Hoogeveen, Netherlands"]
[Date "2018.10.20"]
[Round "1.5"]
[White "Rakshitta, Ravi"]
[Black "Van Den Doel, Erik"]
[Result "0-1"]
[WhiteElo "2160"]
[BlackElo "2607"]

1. e4 {[%clk 01:28:29]} {[%emt 00:02:30]} c5 {[%clk 01:29:46]} {[%emt
00:01:14]} 2. Nf3 {[%clk 01:28:32]} {[%emt 00:00:27]} e6 {[%clk 01:29:48]}
{[%emt 00:00:28]} 3. d4 {[%clk 01:28:50]} {[%emt 00:00:12]} cxd4 {[%clk
01:30:14]} {[%emt 00:00:04]} 4. Nxd4 {[%clk 01:29:14]} {[%emt 00:00:06]} Nc6
{[%clk 01:29:06]} {[%emt 00:01:38]} 5. Nc3 {[%clk 01:29:21]} {[%emt 00:00:23]}
d6 {[%clk 01:29:32]} {[%emt 00:00:04]} 6. g3 {[%clk 01:29:47]} {[%emt
00:00:05]} Nf6 {[%clk 01:23:11]} {[%emt 00:06:51]} 7. Bg2 {[%clk 01:30:09]}
{[%emt 00:00:07]} Be7 {[%clk 01:23:36]} {[%emt 00:00:06]} 8. O-O {[%clk
01:29:25]} {[%emt 00:01:14]} O-O {[%clk 01:24:01]} {[%emt 00:00:04]} 9. Re1
{[%clk 01:26:45]} {[%emt 00:03:10]} Bd7 {[%clk 01:09:45]} {[%emt 00:14:47]} 10.
Nxc6 {[%clk 01:20:00]} {[%emt 00:07:14]} bxc6 {[%clk 01:06:28]} {[%emt
00:03:47]} 11. e5 {[%clk 01:19:36]} {[%emt 00:00:53]} dxe5 {[%clk 01:06:32]}
{[%emt 00:00:27]} 12. Rxe5 {[%clk 01:03:58]} {[%emt 00:16:08]} Rb8 {[%clk
00:59:48]} {[%emt 00:07:14]} 13. Re1 {[%clk 00:59:58]} {[%emt 00:04:29]} Qa5
{[%clk 00:47:21]} {[%emt 00:12:58]} 14. Ne4 {[%clk 00:54:50]} {[%emt 00:05:38]}
Nxe4 {[%clk 00:35:54]} {[%emt 00:11:57]} 15. Rxe4 {[%clk 00:51:52]} {[%emt
00:03:29]} Rfd8 {[%clk 00:25:59]} {[%emt 00:10:25]} 16. Bd2 {[%clk 00:50:04]}
{[%emt 00:02:17]} Qb6 {[%clk 00:24:36]} {[%emt 00:01:52]} 17. Bc3 {[%clk
00:47:38]} {[%emt 00:02:57]} f6 {[%clk 00:21:46]} {[%emt 00:03:21]} 18. Qe1
{[%clk 00:41:07]} {[%emt 00:07:01]} Bc5 {[%clk 00:21:20]} {[%emt 00:00:56]} 19.
Re2 {[%clk 00:35:34]} {[%emt 00:06:03]} Qc7 {[%clk 00:14:00]} {[%emt 00:07:50]}
20. Rd1 {[%clk 00:33:14]} {[%emt 00:02:50]} e5 {[%clk 00:14:12]} {[%emt
00:00:18]} 21. Ba5 {[%clk 00:30:32]} {[%emt 00:03:11]} Bb6 {[%clk 00:14:26]}
{[%emt 00:00:16]} 22. Bxb6 {[%clk 00:30:57]} {[%emt 00:00:05]} axb6 {[%clk
00:13:38]} {[%emt 00:01:18]} 23. Qc3 {[%clk 00:27:24]} {[%emt 00:04:03]} Be8
{[%clk 00:11:58]} {[%emt 00:02:11]} 24. Red2 {[%clk 00:26:50]} {[%emt
00:01:03]} c5 {[%clk 00:09:20]} {[%emt 00:03:09]} 25. Qc4+ {[%clk 00:27:00]}
{[%emt 00:00:20]} Kf8 {[%clk 00:06:39]} {[%emt 00:03:11]} 26. Qh4 {[%clk
00:17:23]} {[%emt 00:10:06]} Bg6 {[%clk 00:06:30]} {[%emt 00:00:40]} 27. Bd5
{[%clk 00:15:59]} {[%emt 00:01:55]} b5 {[%clk 00:06:28]} {[%emt 00:00:32]} 28.
Qh3 {[%clk 00:14:20]} {[%emt 00:02:08]} Qd7 {[%clk 00:05:08]} {[%emt 00:01:51]}
29. Qg2 {[%clk 00:09:08]} {[%emt 00:05:42]} Qf5 {[%clk 00:05:34]} {[%emt
00:00:04]} 30. Bb7 {[%clk 00:08:15]} {[%emt 00:01:22]} Rxd2 {[%clk 00:05:10]}
{[%emt 00:00:54]} 31. Rxd2 {[%clk 00:08:44]} {[%emt 00:00:02]} e4 {[%clk
00:05:28]} {[%emt 00:00:11]} 32. Bc6 {[%clk 00:07:48]} {[%emt 00:01:26]} Qe6
{[%clk 00:05:17]} {[%emt 00:00:40]} 33. Bd5 {[%clk 00:07:25]} {[%emt 00:00:54]}
Qe5 {[%clk 00:05:32]} {[%emt 00:00:14]} 34. c4 {[%clk 00:04:00]} {[%emt
00:03:55]} bxc4 {[%clk 00:05:08]} {[%emt 00:00:54]} 35. Bxc4 {[%clk 00:03:24]}
{[%emt 00:01:06]} Rxb2 {[%clk 00:04:54]} {[%emt 00:00:44]} 36. Rd5 {[%clk
00:02:08]} Rb1+ {[%clk 00:04:54]} 0-1

[Event "Hoogeveen Open"]
[Site "Hoogeveen, Netherlands"]
[Date "2018.10.20"]
[Round "1.6"]
[White "Kryakvin, Dmitry"]
[Black "Rubingh, Otto"]
[Result "1-0"]
[WhiteElo "2595"]
[BlackElo "2154"]

1. d4 {[%clk 01:30:44]} {[%emt 00:00:14]} e6 {[%clk 01:30:24]} {[%emt
00:00:38]} 2. c4 {[%clk 01:29:45]} {[%emt 00:01:29]} f5 {[%clk 01:30:25]}
{[%emt 00:00:28]} 3. g3 {[%clk 01:28:14]} {[%emt 00:02:01]} Nf6 {[%clk
01:30:05]} {[%emt 00:00:50]} 4. Bg2 {[%clk 01:28:35]} {[%emt 00:00:09]} Bb4+
{[%clk 01:29:48]} {[%emt 00:00:48]} 5. Bd2 {[%clk 01:24:43]} {[%emt 00:04:22]}
Be7 {[%clk 01:28:38]} {[%emt 00:01:39]} 6. Nf3 {[%clk 01:22:41]} {[%emt
00:02:32]} d6 {[%clk 01:28:04]} {[%emt 00:01:04]} 7. O-O {[%clk 01:22:24]}
{[%emt 00:00:47]} O-O {[%clk 01:28:21]} {[%emt 00:00:14]} 8. Nc3 {[%clk
01:21:38]} {[%emt 00:01:15]} Qe8 {[%clk 01:28:02]} {[%emt 00:00:49]} 9. b4
{[%clk 01:15:26]} {[%emt 00:06:43]} Qh5 {[%clk 01:19:20]} {[%emt 00:09:10]} 10.
c5 {[%clk 01:13:38]} {[%emt 00:02:18]} Ne4 {[%clk 01:10:55]} {[%emt 00:08:56]}
11. Rc1 {[%clk 01:06:59]} {[%emt 00:07:09]} a5 {[%clk 01:04:17]} {[%emt
00:07:07]} 12. a3 {[%clk 00:59:36]} {[%emt 00:07:54]} axb4 {[%clk 00:57:26]}
{[%emt 00:07:21]} 13. axb4 {[%clk 00:59:26]} {[%emt 00:00:40]} Bf6 {[%clk
00:57:24]} {[%emt 00:00:31]} 14. Be3 {[%clk 00:54:40]} {[%emt 00:05:16]} Nxc3
{[%clk 00:54:56]} {[%emt 00:02:59]} 15. Rxc3 {[%clk 00:54:59]} {[%emt
00:00:11]} Nc6 {[%clk 00:54:50]} {[%emt 00:00:35]} 16. Qb3 {[%clk 00:48:57]}
{[%emt 00:06:32]} Kh8 {[%clk 00:53:00]} {[%emt 00:02:20]} 17. b5 {[%clk
00:43:02]} {[%emt 00:06:25]} Ne7 {[%clk 00:45:33]} {[%emt 00:07:57]} 18. Nd2
{[%clk 00:42:56]} {[%emt 00:00:36]} e5 {[%clk 00:44:23]} {[%emt 00:01:39]} 19.
cxd6 {[%clk 00:41:42]} {[%emt 00:01:45]} cxd6 {[%clk 00:44:33]} {[%emt
00:00:20]} 20. dxe5 {[%clk 00:41:25]} {[%emt 00:00:47]} dxe5 {[%clk 00:43:51]}
{[%emt 00:01:12]} 21. Rc7 {[%clk 00:38:41]} {[%emt 00:03:14]} f4 {[%clk
00:40:21]} {[%emt 00:03:59]} 22. Bc5 {[%clk 00:36:57]} {[%emt 00:02:14]} Rd8
{[%clk 00:29:20]} {[%emt 00:11:32]} 23. Bxe7 {[%clk 00:32:53]} {[%emt
00:04:34]} Bxe7 {[%clk 00:26:06]} {[%emt 00:03:43]} 24. Rxe7 {[%clk 00:32:30]}
{[%emt 00:00:54]} Rxd2 {[%clk 00:26:20]} {[%emt 00:00:16]} 25. Qc3 {[%clk
00:31:36]} {[%emt 00:01:24]} Rd4 {[%clk 00:18:03]} {[%emt 00:08:47]} 26. Qc7
{[%clk 00:24:20]} {[%emt 00:07:46]} Bf5 {[%clk 00:09:46]} {[%emt 00:08:47]} 27.
Qxe5 {[%clk 00:23:33]} {[%emt 00:01:17]} Rad8 {[%clk 00:09:18]} {[%emt
00:00:58]} 28. Qxg7# {[%emt 00:00:57]} 1-0